Capitals Closer Than Its Own #2 - Statistics

General Stats
  • This quiz has been taken 44 times
    29 since last reset
  • The average score is 45 of 58
Answer Stats
Hint Answer % Correct
Munich Bern
95%
Munich Vienna
95%
Sochi Ankara
91%
Munich Bratislava
91%
Miami Havana
91%
Darwin Jakarta
91%
Miami Kingston
91%
Ho Chi Minh City Phnom Penh
91%
Munich Prague
91%
Munich Vaduz
91%
Ho Chi Minh City Vientiane
91%
Porto Alegre Asuncion
86%
Ho Chi Minh City Bangkok
86%
Sochi Bucharest
86%
Porto Alegre Buenos Aires
86%
Kolkata Dhaka
86%
Lubumbashi Kigali
86%
Porto Alegre Montevideo
86%
Miami Port-au-Prince
86%
Sochi Amman
82%
Sochi Chisinau
82%
Darwin Dili
82%
Kolkata Kathmandu
82%
Ho Chi Minh City Kuala Lumpur
82%
Munich Ljubljana
82%
Miami Nassau
82%
Ho Chi Minh City Singapore
82%
Sochi Sofia
82%
Sochi Yerevan
82%
Sochi Baghdad
77%
Sochi Damascus
77%
Lubumbashi Kampala
77%
Sochi Kiev
77%
Lubumbashi Nairobi
77%
Darwin Port Moresby
77%
Sochi Tbilisi
77%
Sochi Tehran
77%
Kolkata Thimphu
77%
Sochi Baku
73%
Sochi Beirut
73%
Lubumbashi Gaborone
73%
Lubumbashi Lusaka
73%
Kolkata Naypyidaw
73%
Miami Santo Domingo
73%
Ho Chi Minh City Bandar Seri Begawan
68%
Darwin Bandar Seri Begawan
68%
Lubumbashi Harare
68%
Munich Luxembourg
68%
Munich San Marino
68%
Munich Zagreb
68%
Lubumbashi Dodoma
64%
Lubumbashi Lilongwe
64%
Sochi Nicosia
64%
Lubumbashi Gitega
59%
Miami Belmopan
50%
Lubumbashi Pretoria
45%
Darwin Ngerulmud
41%
Miami Tegucigalpa
36%
No matching quizzes found
Score Distribution
Percent of People with Each Score
Percentile by Number Answered
Your Score History
You have not taken this quiz since the last reset